Online katalóg knižníc regiónu Turca

Záhada zajakavého papagája (Record no. 21664)

MARC details
000 -LEADER
fixed length control field 01704cam a2200421 a 4500
001 - CONTROL NUMBER
control field 21664
003 - CONTROL NUMBER IDENTIFIER
control field VRT
005 - DATE AND TIME OF LATEST TRANSACTION
control field 20260307120209.0
008 - FIXED-LENGTH DATA ELEMENTS--GENERAL INFORMATION
fixed length control field 160314s1993 xo j 0000f slo
015 ## - NATIONAL BIBLIOGRAPHY NUMBER
National bibliography number SNBA1993/08
020 ## - INTERNATIONAL STANDARD BOOK NUMBER
International Standard Book Number 8006005265
020 ## - INTERNATIONAL STANDARD BOOK NUMBER
International Standard Book Number 8006005257
Qualifying information (sub.)
035 ## - SYSTEM CONTROL NUMBER
System control number SNK000015222
039 #9 - LEVEL OF BIBLIOGRAPHIC CONTROL AND CODING DETAIL [OBSOLETE]
Level of rules in bibliographic description 202507221404
Level of effort used to assign nonsubject heading access points AUTHORITY
Level of effort used to assign subject headings 201902121037
Level of effort used to assign classification csnk01
Level of effort used to assign subject headings 201902121021
Level of effort used to assign classification csnk01
Level of effort used to assign subject headings 201902091510
Level of effort used to assign classification csnk01
040 ## - CATALOGING SOURCE
Original cataloging agency SNK
Language of cataloging slo
Transcribing agency SNK
Description conventions AACR2
041 1# - LANGUAGE CODE
Language code of text/sound track or separate title slo
Language code of original eng
044 ## - COUNTRY OF PUBLISHING/PRODUCING ENTITY CODE
MARC country code xo
ISO country code SK
080 ## - UNIVERSAL DECIMAL CLASSIFICATION NUMBER
Universal Decimal Classification number 820 (73)-3(087.5)
Edition identifier 1981
100 1# - MAIN ENTRY--PERSONAL NAME
Personal name Arthur, Robert,
Dates associated with a name 1909-1969
Relationship aut
240 14 - UNIFORM TITLE
Uniform title Alfred Hitchcock and Three Investigators in The Stuttering Parrot
Language of a work Slovensky
245 0# - TITLE STATEMENT
Title Záhada zajakavého papagája
Statement of responsibility, etc. Robert Arthur ; [z anglického originálu Alfred Hitchcock and Three Investigators in The Stuttering Parrot preložila Svetlana Mrlianová-Marušiaková]
250 ## - EDITION STATEMENT
Edition statement 4. vyd.
260 ## - PUBLICATION, DISTRIBUTION, ETC.
Place of publication, distribution, etc. Bratislava
Name of publisher, distributor, etc. Mladé letá
Date of publication, distribution, etc. 1993
Place of manufacture Banská Bystrica
Manufacturer Tlačiarne BB, spol. s r.o.
300 ## - PHYSICAL DESCRIPTION
Extent 127 s.
Dimensions 21 cm
490 1# - SERIES STATEMENT
Series statement Alfred Hitchcock a traja pátrači
Volume/sequential designation 2
500 ## - GENERAL NOTE
General note Pre čitateľov od 9 rokov
655 #7 - INDEX TERM--GENRE/FORM
Genre/form data or focus term americké romány
Source of term SNKPH
655 #7 - INDEX TERM--GENRE/FORM
Genre/form data or focus term detektívne romány
Source of term SNKPH
655 #7 - INDEX TERM--GENRE/FORM
Genre/form data or focus term dorodružné romány
Source of term SNKPH
655 #7 - INDEX TERM--GENRE/FORM
Genre/form data or focus term publikácie pre deti a mládež
Source of term SNKPH
700 1# - ADDED ENTRY--PERSONAL NAME
Personal name Mrlianová-Marušiaková, Svetlana,
Dates associated with a name 1945-1993
Relationship trl
942 ## - ADDED ENTRY ELEMENTS (KOHA)
Source of classification or shelving scheme Dewey Decimal Classification
Koha item type Krásna literatúra pre deti
Suppress in OPAC No
949 ## - LOCAL PROCESSING INFORMATION (OCLC)
6 17A1010336
a snkSC 84148/2
949 ## - LOCAL PROCESSING INFORMATION (OCLC)
6 17A0263277
9 P60, <05>, [BOOK], {605}
a snkSC 84148/2 D1
b snkKSP 6585/93
949 ## - LOCAL PROCESSING INFORMATION (OCLC)
6 270001000025567
a svkbbA 84031
b svkbbm 579580
949 ## - LOCAL PROCESSING INFORMATION (OCLC)
6 273K0202175
a svkpoA 161148
b svkpo397908
o PV 1010/94
Holdings
Stav vyradenia Strata Poškodenie Spôsob nadobudnutia Domovská knižnica Aktuálna knižnica Dátum nadobudnutia Total checkouts Čiarový kód exemplára Date last seen Typ exemplára
      Dar Obecná knižnica Horná Štubňa Obecná knižnica Horná Štubňa 07.03.2026   4736201752 07.03.2026 Krásna literatúra pre deti
Projekt je podporený Slovenskou asociáciou knižníc
Prevádzkuje Turčianska knižnica Martin 2026